[Event "Medellin de La Raza U2000 op"]
[Site "Medellin"]
[Date "2023.10.14"]
[Round "5"]
[White "Diaz Gonzalez, Ana Sofia"]
[Black "Rios Parra, Juan Fernando"]
[Result "0-1"]
[WhiteElo "1622"]
[BlackElo "1882"]
[PlyCount "40"]
[EventDate "2023.10.12"]
[EventType "swiss"]
[EventRounds "9"]
[EventCountry "COL"]
[SourceTitle "Mega2024 Update 01"]
[Source "Chessbase"]
[SourceDate "2023.11.12"]
[SourceVersion "1"]
[SourceVersionDate "2023.11.12"]
[SourceQuality "1"]

1. e4 c5 2. Nf3 d6 3. Bb5+ Nd7 4. 0-0 a6 5. Bd3 g6 6. c3 Bg7 7. Bc2 Ngf6 8. d4 0-0 9. Re1 Qc7 10. a4 Rb8 11. a5 b6 12. b4 bxa5 13. bxa5 Rb5 14. e5 Ne8 15. e6 fxe6 16. Ng5 Nb8 17. Nxe6 Bxe6 18. Rxe6 cxd4 19. Bb3 Kh8 20. cxd4 Rxb3 0-1

[Event "Medellin de La Raza U2000 op"]
[Site "Medellin"]
[Date "2023.10.13"]
[Round "2"]
[White "Rios Parra, Juan Fernando"]
[Black "Acevedo Hernandez, Fausto"]
[Result "1-0"]
[WhiteElo "1882"]
[BlackElo "1547"]
[PlyCount "63"]
[EventDate "2023.10.12"]
[EventType "swiss"]
[EventRounds "9"]
[EventCountry "COL"]
[SourceTitle "Mega2024 Update 01"]
[Source "Chessbase"]
[SourceDate "2023.11.12"]
[SourceVersion "1"]
[SourceVersionDate "2023.11.12"]
[SourceQuality "1"]

1. e4 e5 2. Nf3 Nc6 3. Bb5 a6 4. Ba4 Nf6 5. 0-0 Be7 6. Re1 b5 7. Bb3 d6 8. c3 0-0 9. h3 Bb7 10. d4 Re8 11. Nbd2 Bf8 12. Bc2 h6 13. Nf1 exd4 14. cxd4 Nb4 15. Bb1 Bxe4 16. Bxe4 Rxe4 17. Rxe4 Nxe4 18. d5 Nc5 19. a3 Nbd3 20. b4 Qf6 21. Be3 Nd7 22. Bd4 Qg6 23. Qc2 Nf4 24. Qxg6 fxg6 25. Ne3 Nf6 26. Bxf6 gxf6 27. Rc1 Rc8 28. Rc6 f5 29. Rxa6 Bg7 30. Kf1 c5 31. dxc6 Rxc6 32. Rxc6 1-0

[Event "Medellin Easter op 11th"]
[Site "Medellin"]
[Date "2023.04.09"]
[Round "6"]
[White "Restrepo, Hugo"]
[Black "Rios Parra, Juan Fernando"]
[Result "0-1"]
[WhiteElo "1578"]
[BlackElo "1963"]
[PlyCount "72"]
[EventDate "2023.04.05"]
[EventType "swiss"]
[EventRounds "7"]
[EventCountry "COL"]
[SourceTitle "CBM 213 Extra"]
[Source "ChessBase"]
[SourceDate "2023.05.31"]
[SourceVersion "1"]
[SourceVersionDate "2023.05.31"]
[SourceQuality "1"]

1. e4 c5 2. Nf3 d6 3. d4 cxd4 4. Nxd4 Nf6 5. Nc3 a6 6. Bg5 e6 7. f4 Be7 8. Qf3 Qc7 9. 0-0-0 Nbd7 10. g4 b5 11. Bd3 b4 12. Na4 Bb7 13. Rhe1 Nc5 14. b3 Nxa4 15. bxa4 0-0 16. Qh3 e5 17. Nf5 Rfe8 18. Nxg7 Kxg7 19. Qh6+ Kg8 20. Bxf6 Bxf6 21. Qxf6 Re6 22. Qh4 Rg6 23. f5 Rg7 24. Qh6 Rd8 25. Qd2 Qc5 26. g5 Kh8 27. h4 Bc6 28. h5 Bxa4 29. g6 fxg6 30. h6 Rf7 31. Kb1 Rb8 32. Bxa6 b3 33. axb3 Bxb3 34. cxb3 Rxb3+ 35. Qb2 Rxb2+ 36. Kxb2 Qb6+ 0-1

[Event "COL-ch sf1"]
[Site "Medellin"]
[Date "2019.04.19"]
[Round "6"]
[White "Otalora Pacheco, Carlos Eduardo"]
[Black "Rios Parra, Juan Fernando"]
[Result "1-0"]
[WhiteElo "2199"]
[BlackElo "2046"]
[PlyCount "49"]
[EventDate "2019.04.16"]
[EventType "swiss"]
[EventRounds "10"]
[EventCountry "COL"]
[SourceTitle "CBM 190 Extra"]
[Source "ChessBase"]
[SourceDate "2019.07.15"]
[SourceVersion "1"]
[SourceVersionDate "2019.07.15"]
[SourceQuality "1"]

1. d4 Nf6 2. c4 e6 3. Nf3 b6 4. g3 Ba6 5. b3 Bb4+ 6. Bd2 Be7 7. Bg2 d5 8. 0-0 0-0 9. Ne5 c6 10. Bc3 Bb7 11. Bb2 Nbd7 12. Nd3 c5 13. dxc5 bxc5 14. cxd5 exd5 15. Nf4 Nb6 16. Nc3 Qd7 17. Rc1 Rfe8 18. Qd2 Rad8 19. Rfd1 h6 20. e3 a5 21. Nce2 a4 22. Bxf6 Bxf6 23. Rxc5 axb3 24. axb3 g5 25. Nxd5 1-0

[Event "COL-ch sf1"]
[Site "Medellin"]
[Date "2019.04.18"]
[Round "5"]
[White "Rios Parra, Juan Fernando"]
[Black "Martinez Paipa, Hernan"]
[Result "1-0"]
[WhiteElo "2046"]
[BlackElo "1797"]
[PlyCount "65"]
[EventDate "2019.04.16"]
[EventType "swiss"]
[EventRounds "10"]
[EventCountry "COL"]
[SourceTitle "CBM 190 Extra"]
[Source "ChessBase"]
[SourceDate "2019.07.15"]
[SourceVersion "1"]
[SourceVersionDate "2019.07.15"]
[SourceQuality "1"]

1. d4 Nf6 2. c4 e6 3. Nf3 d5 4. Nc3 Nbd7 5. Bg5 Be7 6. e3 a6 7. Rc1 dxc4 8. Bxc4 b5 9. Bd3 Bb7 10. 0-0 c5 11. Qe2 c4 12. Bb1 0-0 13. a3 Re8 14. e4 Nf8 15. Bd2 Ng6 16. Rcd1 Qc7 17. Rfe1 Rad8 18. h3 Nf4 19. Qe3 Ng6 20. Bc1 Nh5 21. Ne2 e5 22. d5 Nhf4 23. Qc3 Nh5 24. Be3 a5 25. Rc1 Ba6 26. Red1 b4 27. axb4 axb4 28. Qd2 Bd6 29. Ba2 Nf6 30. Ng3 Rc8 31. Bxc4 Bxc4 32. b3 Ra8 33. Rxc4 1-0

[Event "COL-ch sf1"]
[Site "Medellin"]
[Date "2019.04.17"]
[Round "3"]
[White "Rios Parra, Juan Fernando"]
[Black "Sanchez Arroyave, Juan Pablo"]
[Result "1-0"]
[WhiteElo "2046"]
[BlackElo "1597"]
[PlyCount "75"]
[EventDate "2019.04.16"]
[EventType "swiss"]
[EventRounds "10"]
[EventCountry "COL"]
[SourceTitle "CBM 190 Extra"]
[Source "ChessBase"]
[SourceDate "2019.07.15"]
[SourceVersion "1"]
[SourceVersionDate "2019.07.15"]
[SourceQuality "1"]

1. d4 d5 2. c4 c6 3. Nc3 Nf6 4. Nf3 Bf5 5. Qb3 Qb6 6. Qxb6 axb6 7. cxd5 cxd5 8. e3 e6 9. Bb5+ Nbd7 10. 0-0 Bd6 11. Bd2 0-0 12. h3 Nb8 13. Ne5 Bxe5 14. dxe5 Nfd7 15. f4 Nc5 16. b4 Ne4 17. Nxe4 Bxe4 18. a4 Nc6 19. Rfc1 Rac8 20. a5 bxa5 21. bxa5 d4 22. Bxc6 Rxc6 23. Rxc6 Bxc6 24. exd4 Rc8 25. Bb4 Bd5 26. Bc5 h6 27. Kf2 Kh7 28. g4 g6 29. Ra3 Ra8 30. Ke3 Ra6 31. Bb6 Ra8 32. Rc3 Bc6 33. Rxc6 bxc6 34. Kd3 Kg7 35. Kc4 Kf8 36. Kc5 Rc8 37. Kd6 Ke8 38. Bc7 1-0

[Event "COL-ch U2300"]
[Site "Pereira"]
[Date "2019.03.24"]
[Round "7"]
[White "Rios Parra, Juan Fernando"]
[Black "Corredor Rengifo, Luis Fernando"]
[Result "1/2-1/2"]
[WhiteElo "2046"]
[BlackElo "2135"]
[PlyCount "32"]
[EventDate "2019.03.21"]
[EventType "swiss"]
[EventRounds "9"]
[EventCountry "COL"]
[SourceTitle "CBM 189 Extra"]
[Source "ChessBase"]
[SourceDate "2019.06.03"]
[SourceVersion "1"]
[SourceVersionDate "2019.06.03"]
[SourceQuality "1"]

1. d4 Nf6 2. c4 e6 3. Nf3 Bb4+ 4. Bd2 c5 5. Bxb4 cxb4 6. e3 b6 7. Bd3 Bb7 8. Nbd2 0-0 9. e4 d6 10. 0-0 Nbd7 11. Re1 Re8 12. Rc1 e5 13. Nf1 exd4 14. Ng3 Nc5 15. Qc2 Ne6 16. Nf5 Nf4 1/2-1/2

[Event "COL-ch U2300"]
[Site "Pereira"]
[Date "2019.03.23"]
[Round "5"]
[White "Rios Parra, Juan Fernando"]
[Black "Lopez Idarraga, Daniel Eduardo"]
[Result "1-0"]
[WhiteElo "2046"]
[BlackElo "1992"]
[PlyCount "75"]
[EventDate "2019.03.21"]
[EventType "swiss"]
[EventRounds "9"]
[EventCountry "COL"]
[SourceTitle "CBM 189 Extra"]
[Source "ChessBase"]
[SourceDate "2019.06.03"]
[SourceVersion "1"]
[SourceVersionDate "2019.06.03"]
[SourceQuality "1"]

1. d4 d5 2. c4 Bf5 3. Nc3 e6 4. Nf3 c6 5. e3 Nd7 6. Be2 Bd6 7. 0-0 h6 8. Re1 Ngf6 9. a3 Ne4 10. Nxe4 dxe4 11. Nd2 0-0 12. b4 e5 13. Bb2 exd4 14. exd4 Qg5 15. Nf1 Rad8 16. Qb3 Rfe8 17. Rad1 Nf6 18. Bc1 Qg6 19. Ne3 Bc8 20. g3 h5 21. Ng2 Ng4 22. d5 Qf6 23. Be3 Nxe3 24. Qxe3 g6 25. Qxa7 Be5 26. Qe3 Bh3 27. dxc6 Bxg2 28. Kxg2 Qxc6 29. b5 Qc7 30. c5 f5 31. Qh6 Qf7 32. c6 bxc6 33. bxc6 f4 34. Rd7 f3+ 35. Kg1 Bg7 36. Rxf7 Bxh6 37. Bc4 Kh8 38. Rd7 1-0

[Event "Medellin Raza op 8th"]
[Site "Medellin"]
[Date "2018.10.07"]
[Round "7"]
[White "Martinez, Mauricio"]
[Black "Rios Parra, Juan Fernando"]
[Result "1/2-1/2"]
[WhiteElo "1982"]
[BlackElo "2051"]
[PlyCount "75"]
[EventDate "2018.10.04"]
[EventType "swiss"]
[EventRounds "7"]
[EventCountry "COL"]
[SourceTitle "CBM 186 Extra"]
[Source "ChessBase"]
[SourceDate "2018.08.24"]
[SourceVersion "1"]
[SourceVersionDate "2018.08.24"]
[SourceQuality "1"]

1. e4 c5 2. Nf3 e6 3. d4 cxd4 4. Nxd4 Nf6 5. Nc3 Nc6 6. Nxc6 bxc6 7. e5 Nd5 8. Ne4 Qc7 9. f4 Qb6 10. Bd3 Bb4+ 11. c3 Be7 12. a3 a5 13. c4 Ne3 14. Qe2 Nf5 15. Qf2 Qxf2+ 16. Nxf2 Nd4 17. Be3 Nb3 18. Rb1 f5 19. exf6 gxf6 20. Ne4 Ba6 21. Nd2 Rb8 22. Be2 Rg8 23. g3 d5 24. cxd5 Bxe2 25. Kxe2 cxd5 26. Nxb3 Rxb3 27. Bd2 a4 28. Bc3 Kf7 29. Rbc1 Bd6 30. Rhd1 h5 31. f5 h4 32. Rd4 hxg3 33. fxe6+ Kxe6 34. hxg3 Be5 35. Rxa4 Bxc3 36. Rxc3 Rxc3 37. bxc3 Rxg3 38. Kd2 1/2-1/2

[Event "Medellin Flores op 24th"]
[Site "Medellin"]
[Date "2017.08.06"]
[Round "7"]
[White "Cespedes Galindo, Estefania"]
[Black "Rios Parra, Juan Fernando"]
[Result "0-1"]
[WhiteElo "1753"]
[BlackElo "2074"]
[PlyCount "92"]
[EventDate "2017.08.03"]
[EventType "swiss"]
[EventRounds "9"]
[EventCountry "COL"]
[SourceTitle "CBM 179 Extra"]
[Source "ChessBase"]
[SourceDate "2017.08.23"]
[SourceVersion "1"]
[SourceVersionDate "2017.08.23"]
[SourceQuality "1"]

1. e4 c5 2. Nf3 Nc6 3. Bb5 Qb6 4. Nc3 e6 5. 0-0 a6 6. Bc4 d6 7. a3 Nf6 8. Re1 Qc7 9. d4 cxd4 10. Nxd4 Be7 11. Bb3 0-0 12. Be3 Na5 13. f3 Nxb3 14. Nxb3 b5 15. Qe2 Bb7 16. Rad1 d5 17. exd5 Nxd5 18. Nxd5 Bxd5 19. Nd4 Rac8 20. Rd2 Bc4 21. Qf2 Bd6 22. Qh4 Rfe8 23. Red1 Be7 24. Qg4 Bf6 25. b3 Bd5 26. Ne2 g6 27. Bg5 Bg7 28. Be3 Qe7 29. a4 h5 30. Qf4 e5 31. Qg5 Bf6 32. Qh6 Be6 33. axb5 axb5 34. Ng3 Bg7 35. Qg5 Qxg5 36. Bxg5 f6 37. Be3 f5 38. Bg5 Kf7 39. Ne2 Rc6 40. c3 Bf6 41. Bxf6 Kxf6 42. Rd6 Rec8 43. Kf2 Ke7 44. Rxc6 Rxc6 45. f4 Bxb3 46. Rb1 Bc4 0-1

[Event "American Continental 13th"]
[Site "Medellin"]
[Date "2017.06.18"]
[Round "11"]
[White "Rios Parra, Juan Fernando"]
[Black "Brizuela Abreu, Reivis Gabriel"]
[Result "0-1"]
[WhiteElo "2055"]
[BlackElo "2219"]
[PlyCount "54"]
[EventDate "2017.06.10"]
[EventType "swiss"]
[EventRounds "11"]
[EventCountry "COL"]
[SourceTitle "CBM 178 Extra"]
[Source "ChessBase"]
[SourceDate "2017.06.22"]
[SourceVersion "1"]
[SourceVersionDate "2017.06.22"]
[SourceQuality "1"]

1. e4 e6 2. d4 d5 3. Nd2 Nf6 4. e5 Nfd7 5. Bd3 c5 6. c3 Nc6 7. Ne2 cxd4 8. cxd4 f6 9. exf6 Nxf6 10. 0-0 Bd6 11. Nf3 Qc7 12. h3 0-0 13. Be3 Bd7 14. Re1 Rae8 15. Nc3 a6 16. Rc1 Qb8 17. Na4 e5 18. dxe5 Nxe5 19. Nxe5 Bxe5 20. Nc5 Bc8 21. b4 Kh8 22. Bc2 Bc3 23. Bd2 Bd4 24. Be3 Bc3 25. Bd2 Bd4 26. Rxe8 Bxf2+ 27. Kf1 Nxe8 0-1

[Event "Medellin Construct op"]
[Site "Medellin"]
[Date "2017.01.28"]
[Round "4"]
[White "Echavarria, Johann"]
[Black "Rios Parra, Juan Fernando"]
[Result "1-0"]
[WhiteElo "2367"]
[BlackElo "2051"]
[PlyCount "65"]
[EventDate "2017.01.25"]
[EventType "swiss"]
[EventRounds "7"]
[EventCountry "COL"]
[SourceTitle "CBM 176 Extra"]
[Source "ChessBase"]
[SourceDate "2017.03.02"]
[SourceVersion "1"]
[SourceVersionDate "2017.03.02"]
[SourceQuality "1"]

1. e4 e5 2. Nf3 Nc6 3. Bb5 a6 4. Ba4 Nf6 5. 0-0 Be7 6. Re1 b5 7. Bb3 d6 8. c3 0-0 9. d4 Bg4 10. d5 Nb8 11. a4 Nbd7 12. axb5 axb5 13. Na3 Qb8 14. Bd2 Qb7 15. Qe2 Rfb8 16. Bc2 Nf8 17. Bd3 Bd7 18. Nc2 Ng6 19. Nb4 h6 20. g3 Bf8 21. Bc2 Ne7 22. Bb3 Rxa1 23. Rxa1 Ra8 24. Re1 Rb8 25. Nh4 c5 26. dxc6 Bxc6 27. Nxc6 Qxc6 28. Qf3 Rb7 29. Bxh6 b4 30. c4 Nxe4 31. Rxe4 gxh6 32. Rg4+ Bg7 33. Qf6 1-0

[Event "Medellin Construct op"]
[Site "Medellin"]
[Date "2017.01.28"]
[Round "5"]
[White "Rios Parra, Juan Fernando"]
[Black "Romero, Daniela"]
[Result "1-0"]
[WhiteElo "2051"]
[BlackElo "1900"]
[PlyCount "47"]
[EventDate "2017.01.25"]
[EventType "swiss"]
[EventRounds "7"]
[EventCountry "COL"]
[SourceTitle "CBM 176 Extra"]
[Source "ChessBase"]
[SourceDate "2017.03.02"]
[SourceVersion "1"]
[SourceVersionDate "2017.03.02"]
[SourceQuality "1"]

1. e4 c5 2. Nf3 d6 3. d4 cxd4 4. Nxd4 Nf6 5. Nc3 a6 6. Be2 e5 7. Nb3 Be7 8. Be3 Be6 9. 0-0 0-0 10. f4 exf4 11. Bxf4 Nc6 12. Kh1 Ne5 13. Nd4 Bc4 14. Bxc4 Nxc4 15. b3 Ne5 16. Nf5 Rc8 17. Qe1 Nh5 18. Nd5 Bf6 19. Be3 Ng4 20. Bb6 Qd7 21. Qe2 Bxa1 22. Qxg4 Qe6 23. Rxa1 Rxc2 24. Qxh5 1-0

[Event "Medellin Navideno op"]
[Site "Medellin"]
[Date "2016.12.19"]
[Round "5"]
[White "Rios Parra, Juan Fernando"]
[Black "Bejar Caceres, Brayan Daniel"]
[Result "0-1"]
[WhiteElo "2071"]
[BlackElo "1942"]
[PlyCount "88"]
[EventDate "2016.12.16"]
[EventType "swiss"]
[EventRounds "7"]
[EventCountry "COL"]
[SourceTitle "CBM 176 Extra"]
[Source "ChessBase"]
[SourceDate "2017.03.02"]
[SourceVersion "1"]
[SourceVersionDate "2017.03.02"]
[SourceQuality "1"]

1. e4 c5 2. Nf3 g6 3. d4 cxd4 4. Nxd4 Nc6 5. Nxc6 bxc6 6. Qd4 Nf6 7. e5 Nd5 8. e6 f6 9. exd7+ Qxd7 10. Be2 e5 11. Qa4 Bg7 12. 0-0 0-0 13. c4 Nb6 14. Qc2 Qf7 15. Nd2 Be6 16. b3 Rfd8 17. Bb2 Rd7 18. Rad1 Rad8 19. Ne4 Bf5 20. g4 Bxe4 21. Qxe4 Qe6 22. Rxd7 Rxd7 23. Rd1 f5 24. gxf5 gxf5 25. Qc2 c5 26. Rxd7 Nxd7 27. Qd1 e4 28. Bxg7 Kxg7 29. Qd2 Ne5 30. Kf1 Qh6 31. Ke1 Qxd2+ 32. Kxd2 f4 33. h3 Kf6 34. a3 a5 35. Kc3 f3 36. Bf1 Nc6 37. h4 Ke5 38. Bh3 Kf4 39. Kd2 Ne5 40. Bf1 Ng4 41. Kc3 Nxf2 42. b4 axb4+ 43. axb4 cxb4+ 44. Kxb4 e3 0-1

[Event "Medellin Navideno op"]
[Site "Medellin"]
[Date "2016.12.17"]
[Round "2"]
[White "Rios Parra, Juan Fernando"]
[Black "Velez Alvarez, Laura Camila"]
[Result "1-0"]
[WhiteElo "2071"]
[BlackElo "1871"]
[PlyCount "79"]
[EventDate "2016.12.16"]
[EventType "swiss"]
[EventRounds "7"]
[EventCountry "COL"]
[SourceTitle "CBM 176 Extra"]
[Source "ChessBase"]
[SourceDate "2017.03.02"]
[SourceVersion "1"]
[SourceVersionDate "2017.03.02"]
[SourceQuality "1"]

1. e4 c5 2. Nf3 d6 3. d4 cxd4 4. Nxd4 Nf6 5. Nc3 g6 6. Be2 Bg7 7. Be3 0-0 8. 0-0 Nc6 9. Qd2 Ng4 10. Bxg4 Bxg4 11. f3 Bd7 12. Rad1 Rc8 13. Rf2 a6 14. a4 Re8 15. b3 Nxd4 16. Bxd4 Qa5 17. Bxg7 Kxg7 18. Nd5 Qxd2 19. Rfxd2 Be6 20. c4 Rc5 21. Nc3 Bd7 22. Rd5 Rec8 23. Kf2 Kf8 24. Ke3 Bc6 25. Rxc5 dxc5 26. Rd2 Ke8 27. g3 Rd8 28. Nd5 Rd7 29. h4 h6 30. g4 Kf8 31. a5 Bxd5 32. Rxd5 Rc7 33. Rd8+ Kg7 34. e5 e6 35. g5 hxg5 36. hxg5 Rc6 37. Rd7 b5 38. Rd6 Rc7 39. Rxa6 bxc4 40. bxc4 1-0

[Event "COL pre olympic sf1"]
[Site "Medellin"]
[Date "2016.03.26"]
[Round "7"]
[White "Quinonez Garcia, Santiago"]
[Black "Rios Parra, Juan Fernando"]
[Result "0-1"]
[WhiteElo "2124"]
[BlackElo "2044"]
[PlyCount "57"]
[EventDate "2016.03.22"]
[EventType "swiss"]
[EventRounds "9"]
[EventCountry "COL"]
[SourceTitle "CBM 171 Extra"]
[Source "ChessBase"]
[SourceDate "2016.04.26"]
[SourceVersion "1"]
[SourceVersionDate "2016.04.26"]
[SourceQuality "1"]

1. e4 e5 2. Nf3 Nc6 3. Nc3 Nf6 4. d4 exd4 5. Nxd4 Bb4 6. Nxc6 bxc6 7. Bd3 d5 8. exd5 cxd5 9. 0-0 0-0 10. Bg5 c6 11. Qf3 h6 12. Bh4 g5 13. Rae1 gxh4 14. Qf4 Bxc3 15. Qxh6 Ne4 16. Bxe4 dxe4 17. bxc3 Bf5 18. f3 Re8 19. fxe4 Rxe4 20. Rd1 Qb6+ 21. Kh1 Bg6 22. Rd6 Rg4 23. h3 Rg3 24. Qxh4 Qe3 25. Kh2 Rg5 26. Re1 Qc5 27. Red1 Qe5+ 28. Kh1 Re8 29. R6d4 0-1

[Event "COL pre olympic sf1"]
[Site "Medellin"]
[Date "2016.03.22"]
[Round "1"]
[White "Rios Parra, Alejandro"]
[Black "Rios Parra, Juan Fernando"]
[Result "1-0"]
[WhiteElo "2311"]
[BlackElo "2044"]
[PlyCount "67"]
[EventDate "2016.03.22"]
[EventType "swiss"]
[EventRounds "9"]
[EventCountry "COL"]
[SourceTitle "CBM 171 Extra"]
[Source "ChessBase"]
[SourceDate "2016.04.26"]
[SourceVersion "1"]
[SourceVersionDate "2016.04.26"]
[SourceQuality "1"]

1. e4 c5 2. Nf3 d6 3. d4 cxd4 4. Nxd4 Nf6 5. Nc3 a6 6. f4 e6 7. Qf3 Qc7 8. Be3 Be7 9. 0-0-0 Nc6 10. g4 Nd7 11. Kb1 0-0 12. g5 b5 13. h4 b4 14. Nce2 Bb7 15. h5 Nc5 16. Ng3 f5 17. Bc4 Nxd4 18. Bxd4 fxe4 19. Qg4 d5 20. Bxc5 Bxc5 21. Qxe6+ Kh8 22. Bxd5 Rae8 23. Qh3 Rxf4 24. Bxb7 Qxb7 25. Rd7 Qb5 26. g6 h6 27. Rf7 Rf2 28. Re1 Qc4 29. Rxf2 Bxf2 30. Rxe4 Rd8 31. Qh1 Qc6 32. Ne2 Rd2 33. Qc1 Be1 34. Ng3 1-0

[Event "Medellin Navideno op"]
[Site "Medellin"]
[Date "2015.12.12"]
[Round "4"]
[White "Rivera, Alberto"]
[Black "Rios Parra, Juan Fernando"]
[Result "1-0"]
[WhiteElo "2344"]
[BlackElo "2054"]
[PlyCount "59"]
[EventDate "2015.12.10"]
[EventType "swiss"]
[EventRounds "7"]
[EventCountry "COL"]
[SourceTitle "CBM 169 Extra"]
[Source "ChessBase"]
[SourceDate "2015.12.18"]
[SourceVersion "1"]
[SourceVersionDate "2015.12.18"]
[SourceQuality "1"]

1. d4 d5 2. c4 c6 3. Nc3 Nf6 4. Nf3 e6 5. e3 Be7 6. Bd3 0-0 7. 0-0 dxc4 8. Bxc4 b5 9. Bd3 a6 10. a4 Bb7 11. Qe2 Nbd7 12. Rd1 Qb8 13. e4 b4 14. Nb1 c5 15. Nbd2 cxd4 16. e5 Nd5 17. Nb3 Rd8 18. h4 h6 19. Qe4 Nf8 20. Qg4 f5 21. Qg3 Kh8 22. Nbxd4 Qc8 23. Bd2 Qd7 24. h5 Qe8 25. Qh3 Rac8 26. g4 fxg4 27. Qxg4 Qf7 28. Bg6 Nxg6 29. hxg6 Qf8 30. Nxe6 1-0

[Event "Medellin Navideno op"]
[Site "Medellin"]
[Date "2015.12.11"]
[Round "3"]
[White "Blandon, Luis Guillermo"]
[Black "Rios Parra, Juan Fernando"]
[Result "1-0"]
[WhiteElo "2280"]
[BlackElo "2054"]
[PlyCount "45"]
[EventDate "2015.12.10"]
[EventType "swiss"]
[EventRounds "7"]
[EventCountry "COL"]
[SourceTitle "CBM 169 Extra"]
[Source "ChessBase"]
[SourceDate "2015.12.18"]
[SourceVersion "1"]
[SourceVersionDate "2015.12.18"]
[SourceQuality "1"]

1. e4 c5 2. Nf3 d6 3. d4 cxd4 4. Nxd4 Nf6 5. Nc3 a6 6. Bg5 e6 7. f4 Be7 8. Qf3 Qc7 9. 0-0-0 Nbd7 10. Bd3 b5 11. Rhe1 Bb7 12. Qg3 Qb6 13. Bxf6 Bxf6 14. e5 dxe5 15. fxe5 Nxe5 16. Rxe5 Bxe5 17. Qxe5 0-0 18. Ne4 Rad8 19. Nf6+ gxf6 20. Qh5 f5 21. Qg5+ Kh8 22. Qf6+ Kg8 23. Nxf5 1-0

[Event "Medellin Flores op 22nd"]
[Site "Medellin"]
[Date "2015.08.08"]
[Round "6"]
[White "Corredor Castellanos, Camilo"]
[Black "Rios Parra, Juan Fernando"]
[Result "1/2-1/2"]
[WhiteElo "1835"]
[BlackElo "2079"]
[PlyCount "72"]
[EventDate "2015.08.05"]
[EventType "swiss"]
[EventRounds "9"]
[EventCountry "COL"]
[SourceTitle "EXT 2016"]
[Source "ChessBase"]
[SourceDate "2015.10.08"]
[SourceVersion "1"]
[SourceVersionDate "2015.10.08"]
[SourceQuality "1"]

1. d4 d5 2. Bf4 Nf6 3. e3 c5 4. c3 Nc6 5. Nd2 Bf5 6. h3 Qb6 7. Qb3 Qxb3 8. Nxb3 c4 9. Nd2 e6 10. Ngf3 h6 11. Be2 Be7 12. 0-0 0-0 13. Ne5 Nxe5 14. Bxe5 Nd7 15. Bg3 b5 16. Bf3 Bd3 17. Rfe1 f5 18. Be2 Bxe2 19. Rxe2 Rf7 20. f3 Nb6 21. e4 dxe4 22. fxe4 f4 23. Bf2 Bd8 24. Nf3 Bc7 25. Rd1 Rd8 26. Red2 Rfd7 27. h4 Kf7 28. h5 g5 29. hxg6+ Kxg6 30. Kh1 a6 31. d5 Nc8 32. Bh4 Re8 33. dxe6 Rxd2 34. Rxd2 Rxe6 35. Rd7 Bb6 36. e5 Be3 1/2-1/2